| 000 | 00799nam a2200217 i 4500 | ||
|---|---|---|---|
| 001 | 21313 | ||
| 003 | ES-MaACL | ||
| 005 | 20230906152446.0 | ||
| 007 | t| | ||
| 008 | 021122s1960 sp ||||1| spa d | ||
| 245 | 0 | 3 |
_aLa adaptación en los microorganismos : _bTercer Symposium de la Sociedad de Microbiología General, celebrado en la "Royal Institution" de Londres / _ctraducción del inglés por Juan A. Vicente. |
| 260 |
_a[Madrid : _bRevista de Occidente, _c1960] |
||
| 300 |
_a469 p. : _bil. ; _c22 cm. |
||
| 490 | 1 | _aBiblioteca Ibys de ciencia biológica | |
| 650 |
_aMicroorganismos. _9136496 |
||
| 650 | 4 |
_aBacterias. _9150199 |
|
| 700 | 1 |
_aVicente, Juan A. _9114341 |
|
| 830 | 1 |
_aBiblioteca Ibys de ciencia biológica _9181969 |
|
| 852 |
_aES-MaACL _jC-19567 |
||
| 999 |
_c21313 _d21313 |
||